Movies Quiz

Random Movies Quiz

I am God Quiz Stats

 Plays Quiz not verified by Sporcle

Support Sporcle.
Go Orange.
Score 0/154 Timer 05:00
0 Plays Today
% Correct
am
95%
and
95%
and
95%
am
95%
and
95%
and
95%
God
95%
and
95%
and
95%
and,
95%
the
95%
God,
95%
and
95%
a
95%
God
95%
am
95%
God.
95%
go
90%
go
90%
an
87.5%
you,
85%
you
85%
you
85%
you
85%
You
85%
you
85%
to
82.5%
to
82.5%
do
82.5%
to?
82.5%
to
82.5%
to
82.5%
me
80%
me
80%
he
77.5%
he
77.5%
be
77.5%
they
75%
they
75%
I
72.5%
I
72.5%
I
72.5%
I
72.5%
I
72.5%
I
72.5%
I
72.5%
in
70%
in
70%
pray
70%
in
70%
have
67.5%
have
67.5%
% Correct
So
67.5%
have
67.5%
who
62.5%
ask
60%
that
60%
that
60%
that
60%
that
60%
ask
60%
at
57.5%
when
57.5%
think
57.5%
if
57.5%
if
57.5%
tell
55%
from
52.5%
from
52.5%
on
52.5%
from
52.5%
on
52.5%
Let
52.5%
Harvard,
50%
their
50%
their
50%
or
50%
their
50%
or
50%
their
50%
complex.
50%
something.
50%
doesn't
47.5%
doesn't
47.5%
doesn't
47.5%
doesn't
47.5%
MD
45%
never,
45%
ever
45%
praying
45%
knees
42.5%
they're
42.5%
your
42.5%
for
42.5%
board
40%
certified
40%
medicine
40%
sick
40%
operating
40%
room
40%
two
40%
bible,
37.5%
church,
37.5%
was
37.5%
% Correct
like
37.5%
sea.
35%
daughter
35%
mother
35%
any
35%
second
35%
guessed.
35%
surgery,
32.5%
seven
32.5%
bleed
32.5%
Dennis,
32.5%
different
30%
medical
30%
but
30%
you're
30%
wife
27.5%
death
27.5%
with
27.5%
looking
27.5%
been
25%
New
22.5%
chapel
22.5%
miscarry
22.5%
read
22.5%
luck,
22.5%
win
22.5%
raffle,
22.5%
cardio-thoracic
20%
England,
20%
Now,
20%
might
20%
number
20%
November
20%
shock,
17.5%
trauma
15%
awarded
15%
citations
15%
boards
15%
someone
15%
into
15%
fall
15%
trauma
15%
annual
15%
17,
15%
goes
12.5%
ahead
12.5%
acute
10%
postoperative
7.5%
suffer
5%
neural
5%

You're not logged in!

Compare scores with friends on all Sporcle quizzes.
OR
Log In

From the Vault

Movies Turning Into Songs

by MSUKent

All these movies secretly just wanted to be songs this whole time.
Remove Ads.
Support Sporcle.
Get the best of Sporcle when you Go Orange. This ad-free experience offers more features, more stats, and more fun while also helping to support Sporcle. Thank you for becoming a member.

Show Comments

Extras

Created Feb 15, 2011ReportNominate
Tags:alec, Alec Baldwin, Baldwin, god, spoken

Top Quizzes Today


Score Distribution

Your Account Isn't Verified!

In order to create a playlist on Sporcle, you need to verify the email address you used during registration. Go to your Sporcle Settings to finish the process.

Report this User

Report this user for behavior that violates our Community Guidelines.

Details: